1195 1926 1986 1184 1069 1760 1862 1324 1749 1673 1668 1652 1203 1506 1482 1445 1070 1309 1950 1018 1622 1730 1223 1528 1769 1926 1752 1989 1363 1104 1652 1522 1920 1778 1324 1889 1573 1429 1673 1769 1158 1879 1271 1864 1362 1480 1517 1736 1833 1306 1309 1102 1813 1679 1488 1928 1142 1555 1675 1048 1386 1051 1531 1340 1301 1520 1840 1492 1153 1138 1619 1286 1874 1174 1259 1585 1751 1550 1423 1645 1535 1334 1788 1027 1997 1582 1233 1376 1709 1655 1772 1615 1876 1804 1053 1023 1614 1964 1182 BCNSPRNW ULIB Ver.6.0+V

เปลี่ยนเป็นภาษาไทย

Change to English
 แสดงรายละเอียดบรรณานุกรม
  กลับหน้าหลัก

Brief Record : Get Marc (ISO 2709) : E-mail record : QR code < ปิดหน้าต่าง
LEADER : 00000nam 2200000uu 4500
001    13399111199
003     ULIB
008    110620s2005||||th 000 0 eng d
020    0781739837
024    9780781739832
060  4 WY193^bC324L 2005
100 1  Carter, Pamela J.
245 00 Lippincott s workbook for nursing assistants:^nAhumanistic approach to caregiving/^c Pamela J.Carter
260    Philadelphia:^bLippincott Williams&Wilkins,^c2005
300    453 p.:^bill
650  7 Nurses Aides
650  7 Nursing Care
945    ^p925^l0^i016907
995    Kesorn
999 ^a ใช้งานได้ทุกระบบ
รายการนี้ยังไม่มีแท็ก
คุณยังไม่ได้ล็อกอิน คุณสามารถมีกิจกรรมร่วมกับเว็บไซต์ได้ แต่ต้องล็อกอินก่อน ::
  ล็อกอิน

รายการสื่อสารสนเทศ

ลำดับที่ ประเภท เลขเรียก/บาร์โค้ด สถานที่ สถานะ
- ไม่พบข้อมูล -

รายการใกล้เคียง
    หัวเรื่อง [Nurses Aides]
    หัวเรื่อง [Nursing Care]

BibComment


ยังไม่เคยถูกคอมเมนท์

คอมเมนท์ทรัพยากรรายการนี้
  คอมเมนท์: Lippincott s work..


 Copyright 2026. Bcnsprnw @Library